[Event "104th ch-GBR 2017"]
[Site "Llandudno WLS"]
[Date "2017.07.31"]
[Round "3.37"]
[White "Taylor, Adam A"]
[Black "Longson, Sarah N"]
[Result "1/2-1/2"]
[BlackTitle "WFM"]
[WhiteElo "2165"]
[BlackElo "2074"]
[WhiteFideId "415790"]
[BlackFideId "2501465"]
[EventDate "2017.07.29"]

1. Nf3 d5 2. g3 e6 3. Bg2 Nf6 4. O-O c5 5. d4 Nc6 6. c4 dxc4 7. e3 Be7 8. Na3
cxd4 9. Nxd4 Nxd4 10. exd4 O-O 11. Nxc4 Nd5 12. Ne3 Bf6 13. Qb3 Bxd4 14. Nxd5
exd5 15. Bxd5 Bh3 16. Rd1 Qf6 17. Be3 Bxe3 18. Qxe3 Rfe8 19. Qf3 Qxf3 20. Bxf3 1/2-1/2

[Event "104th ch-GBR 2017"]
[Site "Llandudno WLS"]
[Date "2017.07.31"]
[Round "3.38"]
[White "Moreby, James"]
[Black "Hewson, Brian W R"]
[Result "1-0"]
[WhiteElo "2149"]
[BlackElo "2023"]
[WhiteFideId "427756"]
[BlackFideId "437484"]
[EventDate "2017.07.29"]

1. e4 c6 2. d4 d5 3. e5 c5 4. dxc5 e6 5. a3 a5 6. Be3 Qc7 7. Nc3 Bxc5 8. Nb5 Qe7
9. Bxc5 Qxc5 10. Nd6+ Kf8 11. Nf3 Nc6 12. Nb5 Nge7 13. Bd3 Bd7 14. Qe2 Ng6 15.
Bxg6 hxg6 16. Nd6 Nd4 17. Nxd4 Qxd4 18. c3 Qb6 19. O-O a4 20. Rad1 Bc6 21. Rd4
Ke7 22. Qg4 Rh5 23. Rf4 Rf8 24. Rxf7+ Rxf7 25. Nc8+ 1-0

[Event "104th ch-GBR 2017"]
[Site "Llandudno WLS"]
[Date "2017.07.31"]
[Round "3.39"]
[White "Ashworth, Michael"]
[Black "Gallagher, Daniel GH"]
[Result "0-1"]
[WhiteElo "1946"]
[BlackElo "2147"]
[WhiteFideId "425044"]
[BlackFideId "436550"]
[EventDate "2017.07.29"]

1. Nf3 Nf6 2. c4 g6 3. g3 Bg7 4. Bg2 O-O 5. O-O d6 6. d4 Nc6 7. Nc3 a6 8. d5 Na5
9. Nd2 c5 10. a3 Ng4 11. Qc2 Ne5 12. b3 b5 13. cxb5 axb5 14. Bb2 Rb8 15. Nd1 b4
16. a4 Qb6 17. Nf3 c4 18. bxc4 Naxc4 19. Nxe5 Nxe5 20. Ne3 Ba6 21. Rfe1 Rfc8 22.
Qb3 Rc7 23. Rac1 Rxc1 24. Bxc1 Qd4 25. Bb2 Qxb2 26. Qxb2 Nf3+ 27. exf3 Bxb2 28.
Bf1 Bc3 29. Rb1 Bxf1 30. Kxf1 Ra8 31. Ke2 Rxa4 32. Kd3 Kf8 33. Nc2 Ra5 34. Nxb4
Bxb4 35. Rxb4 Rxd5+ 36. Ke3 Ke8 37. Rb7 Kd8 38. f4 Rc5 39. h4 Rc7 40. Rb8+ Kd7
41. f5 Rc5 42. fxg6 hxg6 43. Rf8 Ke6 44. Ra8 Rc3+ 45. Kd4 Rf3 46. Ra2 Kf5 47.
Rd2 Ra3 48. Re2 e5+ 49. Kd5 Rd3+ 50. Kc4 Rd4+ 51. Kc3 Kg4 52. Ra2 Kf3 53. Ra7
Kxf2 54. Rxf7+ Kxg3 55. Rf6 Kxh4 56. Rxg6 Kh5 57. Rg8 Rd1 58. Kc2 Rf1 59. Kd3 d5
60. Rd8 e4+ 61. Ke3 Rf3+ 62. Kd4 Rf5 63. Ke3 Rf3+ 64. Ke2 Rd3 65. Rg8 d4 66. Rg7
Ra3 67. Re7 Ra2+ 68. Ke1 e3 69. Re4 Rd2 70. Re8 Kg4 71. Rg8+ Kf3 72. Rf8+ Ke4
73. Re8+ Kd3 74. Ra8 Rc2 75. Ra3+ Rc3 76. Ra1 e2 77. Rb1 Kc2 78. Ra1 d3 79. Ra2+
Kb1 80. Rd2 Rc1+ 0-1

[Event "104th ch-GBR 2017"]
[Site "Llandudno WLS"]
[Date "2017.07.31"]
[Round "3.40"]
[White "Richardson, Alex"]
[Black "Shepherd, Katherine M"]
[Result "1-0"]
[WhiteElo "2147"]
[BlackElo "1929"]
[WhiteFideId "408239"]
[BlackFideId "412031"]
[EventDate "2017.07.29"]

1. Nf3 d5 2. g3 Bg4 3. Bg2 c6 4. c4 e6 5. cxd5 Bxf3 6. Bxf3 cxd5 7. O-O Nf6 8.
Qb3 Qd7 9. d4 Nc6 10. Rd1 Na5 11. Qd3 Nc4 12. Bg2 Nd6 13. Nc3 b5 14. b3 Rc8 15.
Bb2 Be7 16. f3 O-O 17. e4 b4 18. Na4 Nb5 19. e5 Nh5 20. Bf1 Rb8 21. Rac1 a6 22.
Nc5 Qa7 23. Qd2 a5 24. g4 Bxc5 25. Rxc5 Nc3 26. Bxc3 bxc3 27. Rxc3 Rb4 28. gxh5
a4 29. h6 f6 30. f4 gxh6 31. Bh3 f5 32. Rg3+ Kh8 33. Qxb4 Rb8 34. Qd6 h5 35.
Qxe6 Rf8 36. Bxf5 h4 37. Rg2 axb3 38. axb3 Qb7 39. Kh1 h3 40. Bxh3 Qxb3 41. Rdg1
Qf3 42. Qg4 1-0

[Event "104th ch-GBR 2017"]
[Site "Llandudno WLS"]
[Date "2017.07.31"]
[Round "3.41"]
[White "Okhai, Shabir"]
[Black "Zhu, Richard"]
[Result "1-0"]
[WhiteElo "2111"]
[BlackElo "2036"]
[WhiteFideId "445134"]
[BlackFideId "426377"]
[EventDate "2017.07.29"]

1. e4 e6 2. d4 d5 3. Nd2 Be7 4. Ngf3 Nf6 5. e5 Nfd7 6. c4 c5 7. cxd5 exd5 8.
dxc5 Nc6 9. Bb5 O-O 10. O-O Nxc5 11. Nb3 Bg4 12. Bf4 Ne6 13. Bg3 Qb6 14. Be2
Rfd8 15. Nh4 Bxe2 16. Qxe2 g6 17. Nf3 a5 18. Rfd1 a4 19. Nc1 Rac8 20. Nd3 Qb5
21. Nf4 Qxe2 22. Nxe2 Nb4 23. a3 Nc2 24. Rac1 d4 25. h3 d3 26. Nc3 Nc5 27. Nd2
Nb3 28. Nxb3 axb3 29. Ne4 Rd4 30. f3 Rcd8 31. Bf2 d2 32. Rb1 R4d5 33. f4 g5 34.
g3 gxf4 35. gxf4 Rd3 36. Kf1 Rxh3 37. Nxd2 Bh4 38. Kg2 Bxf2 39. Kxh3 Ne3 40.
Rg1+ Bxg1 41. Rxg1+ Kf8 42. Nxb3 Nc4 43. Nc5 Nxb2 44. Rb1 b6 45. Nb7 Rd3+ 46.
Kg4 Nc4 47. Rb4 Ne3+ 48. Kg5 Nd5 49. Ra4 Kg7 50. Nd6 Rg3+ 51. Kh5 Rh3+ 52. Kg4
Rc3 53. Ra7 Ne3+ 54. Kh5 Rc1 55. Rxf7+ Kg8 56. e6 Rc5+ 57. f5 Nc4 58. Ne8 1-0

[Event "104th ch-GBR 2017"]
[Site "Llandudno WLS"]
[Date "2017.07.31"]
[Round "3.42"]
[White "Cocks, Elliot"]
[Black "Haria, Ravi"]
[Result "0-1"]
[BlackTitle "FM"]
[WhiteElo "2036"]
[BlackElo "2417"]
[WhiteFideId "444545"]
[BlackFideId "415820"]
[EventDate "2017.07.29"]

1. d4 e6 2. Bf4 Nf6 3. e3 c5 4. c3 Be7 5. Nd2 O-O 6. Bd3 d6 7. Ngf3 cxd4 8. exd4
b6 9. Qe2 Bb7 10. h3 Re8 11. O-O a6 12. a4 Nbd7 13. Rfe1 Bf8 14. Qf1 h6 15. Bg3
Qc8 16. Rad1 Bc6 17. Bc2 Qb7 18. Ra1 b5 19. axb5 axb5 20. Qd3 Rxa1 21. Rxa1 e5
22. dxe5 dxe5 23. Qe2 b4 24. Qa6 bxc3 25. Qxb7 Bxb7 26. bxc3 e4 27. Nd4 e3 28.
N2f3 Nc5 29. Re1 exf2+ 30. Bxf2 Ra8 31. Rb1 Be4 32. Nd2 Bxc2 33. Nxc2 Ra2 0-1

[Event "104th ch-GBR 2017"]
[Site "Llandudno WLS"]
[Date "2017.07.31"]
[Round "3.43"]
[White "Wall, Tim P"]
[Black "Willson, Ollie"]
[Result "0-1"]
[WhiteTitle "FM"]
[WhiteElo "2242"]
[BlackElo "2032"]
[WhiteFideId "401641"]
[BlackFideId "424714"]
[EventDate "2017.07.29"]

1. d4 Nf6 2. Bf4 g6 3. Nc3 d5 4. e3 Bg7 5. h4 c6 6. Be2 Qa5 7. Qd2 Bg4 8. f3 Be6
9. Bd3 Nbd7 10. Nge2 Nf8 11. Nc1 Bc8 12. Nb3 Qd8 13. g4 h5 14. g5 N6d7 15. Qh2
Ne6 16. Bg3 Nb6 17. O-O-O Nc4 18. e4 Ne3 19. Rde1 dxe4 20. Bxe4 Nd5 21. Bxd5
cxd5 22. Be5 O-O 23. Nc5 Nxc5 24. dxc5 Bxe5 25. Qxe5 e6 26. Kb1 Qa5 27. Qd6 Qd8
28. Qe5 Qa5 29. Rd1 Bd7 30. c6 Bxc6 31. Ne4 Rfd8 32. f4 Qb4 33. Nf6+ Kf8 34.
Rhe1 Qd6 35. Nh7+ Kg8 36. Nf6+ Kf8 37. Nh7+ Kg8 38. Qf6 Rd7 39. f5 exf5 40. Qxd6
Rxd6 41. Nf6+ Kf8 42. Rd4 Re6 43. Red1 Re2 44. b3 Rc8 45. a4 b6 46. R1d3 b5 47.
Rc3 bxa4 48. Rxa4 Bb7 49. Rxc8+ Bxc8 50. Rxa7 Be6 51. Ra4 Ke7 52. Kb2 Kd6 53.
Kc3 Rh2 54. b4 Rxh4 55. Ra6+ Kc7 56. Kb3 Rh1 57. Kc3 h4 58. Kd4 Kb7 59. b5 Rc1
60. Rc6 h3 61. Ne8 h2 62. Nd6+ Ka7 63. Rc7+ Kb6 64. Rc6+ Ka5 65. Ra6+ Kb4 66.
c3+ Rxc3 67. Ra1 Rh3 68. Rh1 Rh4+ 69. Ke5 Kc5 70. Rc1+ Kb6 71. Rh1 f4 72. Kd4
Bg4 0-1

[Event "104th ch-GBR 2017"]
[Site "Llandudno WLS"]
[Date "2017.07.31"]
[Round "3.45"]
[White "Garnett, John S"]
[Black "Maroroa, Sue"]
[Result "0-1"]
[BlackTitle "WIM"]
[WhiteElo "2005"]
[BlackElo "2116"]
[WhiteFideId "410829"]
[BlackFideId "4301498"]
[EventDate "2017.07.29"]

1. d4 g6 2. e4 Bg7 3. Nc3 d6 4. Be3 Nf6 5. Qd2 h6 6. h3 c6 7. Nf3 Qa5 8. Bd3
Nbd7 9. O-O e5 10. dxe5 dxe5 11. Rfd1 Qc7 12. a4 g5 13. Ne2 Nh5 14. Ng3 Ndf6 15.
Nf5 Bxf5 16. exf5 e4 17. Bc5 O-O-O 18. Qe3 exd3 19. Bxa7 dxc2 20. Rdc1 Nd5 21.
Qb3 Qa5 22. Bd4 Ndf4 23. Bxg7 Ne2+ 24. Kh2 Nxc1 25. Rxc1 Nxg7 26. Qxf7 Qxf5 27.
Qb3 Qf4+ 28. g3 Qxc1 0-1

[Event "104th ch-GBR 2017"]
[Site "Llandudno WLS"]
[Date "2017.07.31"]
[Round "3.46"]
[White "Verma, Aditya"]
[Black "Haridas, Girinath"]
[Result "1/2-1/2"]
[WhiteElo "2071"]
[BlackElo "1977"]
[WhiteFideId "426202"]
[BlackFideId "427144"]
[EventDate "2017.07.29"]

1. e4 g6 2. d4 Bg7 3. Nf3 d6 4. c4 e5 5. Nc3 Nc6 6. d5 Nce7 7. g3 h6 8. Bg2 f5
9. O-O Nf6 10. Ne1 O-O 11. f3 g5 12. Be3 f4 13. Bf2 Ng6 14. Nd3 h5 15. c5 Rf7
16. b4 Bf8 17. b5 fxg3 18. hxg3 Rh7 19. Qd2 Ne8 20. Be3 Be7 21. Kf2 g4 22. f4 h4
23. f5 hxg3+ 24. Kxg3 Bh4+ 25. Kxg4 Nf4 26. Nxf4 Qg5+ 27. Kf3 Qg3+ 28. Ke2 exf4
29. Bf2 Qg5 30. Bf3 Bxf2 31. Rxf2 Ng7 32. cxd6 cxd6 33. Qd4 Bxf5 34. exf5 Nxf5
35. Qd3 Re8+ 36. Ne4 Ng3+ 37. Kd2 Qe5 38. Re1 1/2-1/2

[Event "104th ch-GBR 2017"]
[Site "Llandudno WLS"]
[Date "2017.07.31"]
[Round "3.47"]
[White "Byron, Alan M"]
[Black "Cole, James"]
[Result "1-0"]
[WhiteElo "2064"]
[BlackElo "1950"]
[WhiteFideId "401773"]
[BlackFideId "431818"]
[EventDate "2017.07.29"]

1. e4 c6 2. Nf3 d5 3. Nc3 Bg4 4. h3 Bxf3 5. Qxf3 e6 6. d3 Nd7 7. g4 g6 8. Bd2
Ngf6 9. O-O-O Bg7 10. Bg2 Qe7 11. Qg3 O-O-O 12. h4 dxe4 13. dxe4 e5 14. h5 h6
15. f3 Ne8 16. Be3 Nd6 17. Bf1 b6 18. Rh2 f5 19. gxf5 gxf5 20. Qh3 fxe4 21. fxe4
Kc7 22. a4 a5 23. Rhd2 Nf8 24. Bc4 Nh7 25. Bb3 Bf6 26. Qf1 Bg5 27. Bxg5 Nxg5 28.
Qa6 Ra8 29. Qe2 Rhf8 30. Rxd6 Qxd6 31. Rxd6 Kxd6 32. Bc4 Rf4 33. Kb1 Raf8 34.
Ka2 Rh4 35. Bd3 Rf3 36. Qd1 Kc7 37. Be2 Rfh3 38. Bg4 1-0

[Event "104th ch-GBR 2017"]
[Site "Llandudno WLS"]
[Date "2017.07.31"]
[Round "3.48"]
[White "Jayawarna, Nugith"]
[Black "Golding, James"]
[Result "0-1"]
[WhiteElo "2054"]
[BlackElo "1942"]
[WhiteFideId "434884"]
[BlackFideId "427250"]
[EventDate "2017.07.29"]

1. c4 e6 2. Nc3 d5 3. d4 c5 4. cxd5 exd5 5. Nf3 Nc6 6. g3 c4 7. Bg2 Bb4 8. O-O
Nge7 9. Bf4 O-O 10. h3 Be6 11. Nb5 Ng6 12. Bd2 Be7 13. Nc3 Rb8 14. Be3 Bd6 15.
Ng5 Nge7 16. g4 h6 17. Nxe6 fxe6 18. Qd2 Qe8 19. b3 b5 20. bxc4 bxc4 21. Rab1
Qg6 22. Rxb8 Rxb8 23. f4 Bb4 24. Qc1 Bxc3 25. Qxc3 Rb1 26. a4 Rxf1+ 27. Kxf1
Qb1+ 28. Kf2 Qb3 29. Qxb3 cxb3 30. Bc1 Na5 31. e4 Nc4 32. exd5 exd5 33. Ke2 b2
34. Bxb2 Nxb2 35. a5 Nc4 36. a6 Nd6 37. Ke3 Kf7 38. f5 Nb5 39. Bf1 Nc7 40. h4
Nc6 41. g5 Nb4 42. Kf4 Ncxa6 43. Ke5 Nb8 44. Bb5 N8c6+ 45. Bxc6 Nxc6+ 46. Kxd5
Ne7+ 47. Ke5 a5 48. d5 Nxf5 49. Kxf5 a4 50. d6 a3 51. d7 Ke7 52. Kg6 a2 53. Kxg7
a1=Q+ 54. Kxh6 Qh8+ 55. Kg6 Qg8+ 56. Kh6 Kf7 57. d8=N+ Qxd8 58. g6+ Kf6 59. g7
Qg8 60. Kh5 Qh7+ 0-1

[Event "104th ch-GBR 2017"]
[Site "Llandudno WLS"]
[Date "2017.07.31"]
[Round "3.49"]
[White "Davis, Lee"]
[Black "Taylor, William J"]
[Result "0-1"]
[WhiteElo "1952"]
[BlackElo "2048"]
[WhiteFideId "1801325"]
[BlackFideId "423130"]
[EventDate "2017.07.29"]

1. d4 Nf6 2. Nf3 g6 3. g3 Bg7 4. Bg2 O-O 5. c4 d6 6. O-O Nc6 7. Nc3 a6 8. h3 Rb8
9. e4 e5 10. dxe5 Nxe5 11. Nxe5 dxe5 12. Qe2 Be6 13. Be3 b5 14. cxb5 axb5 15. b3
c6 16. Rfd1 Qa5 17. Rac1 Rfd8 18. Rxd8+ Rxd8 19. Rd1 Nd7 20. Qc2 Bf8 21. Ne2 Qa6
22. f4 f6 23. fxe5 fxe5 24. Nc1 Rc8 25. Bf1 Qb7 26. a4 Kh8 27. Qc3 bxa4 28. bxa4
c5 29. Bg2 c4 30. a5 Qb5 31. Na2 Ra8 32. Bf1 Rxa5 33. Rxd7 Bxd7 34. Bxc4 Qb1+
35. Nc1 Qxe4 36. Qxa5 Qxe3+ 37. Kg2 Bc6+ 38. Bd5 Qxc1 0-1

[Event "104th ch-GBR 2017"]
[Site "Llandudno WLS"]
[Date "2017.07.31"]
[Round "3.50"]
[White "Humphreys, Jerry G"]
[Black "Modi, Shyam Jagdish"]
[Result "1/2-1/2"]
[WhiteElo "2041"]
[BlackElo "1908"]
[WhiteFideId "408158"]
[BlackFideId "446025"]
[EventDate "2017.07.29"]

1. c4 g6 2. Nc3 Bg7 3. Nf3 Nf6 4. g3 O-O 5. Bg2 d6 6. d4 Nbd7 7. O-O e5 8. dxe5
dxe5 9. Bg5 h6 10. Be3 Ng4 11. Bd2 f5 12. e4 Nc5 13. Qe2 fxe4 14. Nxe4 Nxe4 15.
Qxe4 Bf5 16. Qxb7 e4 17. Bf4 exf3 18. Qxf3 Rb8 19. Rad1 Qe7 20. Rfe1 Qc5 21. b3
Rbd8 22. h3 Nxf2 23. Qxf2 Bd4 24. Rxd4 Qxd4 25. Bd5+ Rxd5 26. cxd5 Qxf2+ 27.
Kxf2 Bxh3 28. Ke3 Re8+ 29. Kd2 1/2-1/2

[Event "104th ch-GBR 2017"]
[Site "Llandudno WLS"]
[Date "2017.07.31"]
[Round "3.51"]
[White "Howell, Oliver W"]
[Black "Lentzos, Ioanis"]
[Result "0-1"]
[WhiteElo "1701"]
[BlackElo "2038"]
[WhiteFideId "435929"]
[BlackFideId "4255470"]
[EventDate "2017.07.29"]

1. Nf3 c5 2. c4 Nc6 3. g3 g6 4. Bg2 Bg7 5. O-O e6 6. Nc3 Nge7 7. d3 O-O 8. Bd2
d5 9. Qc1 d4 10. Ne4 b6 11. Bh6 e5 12. Bxg7 Kxg7 13. a3 a5 14. b3 h6 15. Qb2 Qc7
16. Ne1 Bg4 17. h3 Bd7 18. Nc2 Rab8 19. Rfb1 f5 20. Nd2 Nc8 21. Ra2 Nd6 22. Qa1
Kh7 23. b4 a4 24. bxc5 bxc5 25. Rxb8 Rxb8 26. Rb2 Kg7 27. Qb1 Kf6 28. Rxb8 Qxb8
29. Qxb8 Nxb8 30. h4 Nc6 31. e4 Na5 32. Na1 Bc6 33. f3 g5 34. hxg5+ Kxg5 35. Kf2
h5 36. Bh3 f4 37. g4 Bd7 38. Kg2 hxg4 39. fxg4 Bxg4 40. Nf3+ Bxf3+ 41. Kxf3 Nb3
42. Nc2 Nxc4 43. dxc4 d3 44. Ne1 d2 45. Ke2 dxe1=Q+ 46. Kxe1 Na5 47. Bf1 f3 48.
Kf2 Kg4 49. Bd3 Kf4 50. Bc2 Nxc4 51. Bxa4 Nxa3 52. Bd1 c4 0-1

[Event "104th ch-GBR 2017"]
[Site "Llandudno WLS"]
[Date "2017.08.01"]
[Round "4.1"]
[White "Ward, Chris G"]
[Black "Howell, David W L"]
[Result "0-1"]
[WhiteTitle "GM"]
[BlackTitle "GM"]
[WhiteElo "2441"]
[BlackElo "2702"]
[WhiteFideId "400203"]
[BlackFideId "410608"]
[EventDate "2017.07.29"]

1. d4 Nf6 2. c4 e6 3. Nc3 Bb4 4. Nf3 b6 5. Bg5 h6 6. Bh4 g5 7. Bg3 Ne4 8. Qc2 f5
9. e3 Bb7 10. Bd3 Bxc3+ 11. bxc3 d6 12. d5 Na6 13. Nd4 Nac5 14. Nxe6 Nxe6 15.
dxe6 Qf6 16. f3 Nxg3 17. hxg3 O-O 18. e7 Rf7 19. Kf2 Re8 20. Rh5 Rexe7 21. Rah1
Qe6 22. Qd2 Rf6 23. Be2 Kf8 24. Qd4 Ke8 25. Bd1 Kd8 26. Bb3 c5 27. Qd2 Kc7 28.
Bd1 Bc6 29. Be2 Ba4 30. Bf1 Be8 31. R5h2 h5 32. Be2 Qd7 33. Bd3 d5 34. Rd1 Rd6
35. cxd5 Rxd5 36. c4 Rd6 37. Rhh1 Qe6 38. Qe2 Ba4 39. Rc1 Red7 0-1

[Event "104th ch-GBR 2017"]
[Site "Llandudno WLS"]
[Date "2017.08.01"]
[Round "4.2"]
[White "Jones, Gawain C B"]
[Black "Gormally, Daniel W"]
[Result "1/2-1/2"]
[WhiteTitle "GM"]
[BlackTitle "GM"]
[WhiteElo "2660"]
[BlackElo "2462"]
[WhiteFideId "409561"]
[BlackFideId "406465"]
[EventDate "2017.07.29"]

1. c4 Nf6 2. Nc3 e5 3. g3 Nc6 4. Bg2 Bc5 5. Nf3 d6 6. O-O a6 7. e3 O-O 8. d4
exd4 9. exd4 Ba7 10. h3 h6 11. Re1 Ne7 12. b3 Bd7 13. a4 Re8 14. Ra2 Nc6 15. Be3
Bb6 16. Rae2 Ba5 17. Bd2 Rxe2 18. Rxe2 Bb6 19. Be3 Ba5 20. Na2 Ne7 21. b4 Bb6
22. g4 Ng6 23. c5 Ba7 24. Nc3 c6 25. cxd6 Be6 26. Ne5 Qxd6 27. Nxg6 fxg6 28. d5
Bxe3 29. dxe6 Qxd1+ 30. Nxd1 Bf4 31. Nb2 Rd8 32. Be4 Rd2 33. Rxd2 Bxd2 34. Bxg6
Bxb4 35. f4 Kf8 36. Bb1 Ke7 37. f5 b5 38. axb5 cxb5 39. Kg2 Nd5 40. h4 a5 41.
Nd3 Bd6 42. Kf3 a4 43. Bc2 Nc3 44. Nc1 b4 45. g5 hxg5 46. hxg5 g6 47. fxg6 Kxe6
48. Ne2 Nxe2 49. Kxe2 b3 50. g7 Kf7 51. Bd1 Kxg7 52. Kd3 Kg6 53. Bxb3 axb3 54.
Kc3 Kxg5 55. Kxb3 1/2-1/2

[Event "104th ch-GBR 2017"]
[Site "Llandudno WLS"]
[Date "2017.08.01"]
[Round "4.3"]
[White "Arakhamia-Grant, Ketevan"]
[Black "McShane, Luke J"]
[Result "0-1"]
[WhiteTitle "GM"]
[BlackTitle "GM"]
[WhiteElo "2364"]
[BlackElo "2644"]
[WhiteFideId "13600168"]
[BlackFideId "404853"]
[EventDate "2017.07.29"]

1. e4 e5 2. Nf3 Nc6 3. Bb5 Nf6 4. d3 Bc5 5. O-O Nd4 6. Nxd4 Bxd4 7. c3 Bb6 8.
Na3 c6 9. Ba4 O-O 10. Bb3 d5 11. exd5 Nxd5 12. Nc4 Bc7 13. Re1 Qf6 14. Qe2 Bd7
15. a4 Rae8 16. Qh5 Bf5 17. Bg5 Qe6 18. Ne3 Bxd3 19. Rad1 Bg6 20. Qh4 h6 21.
Bxh6 gxh6 22. Nxd5 cxd5 23. Bxd5 Qf5 24. Qxh6 e4 25. Bxb7 Re5 26. b4 Rb8 27. Bc6
Qf6 28. Bxe4 Rbe8 29. f3 Bb6+ 30. Kh1 Rh5 0-1

[Event "104th ch-GBR 2017"]
[Site "Llandudno WLS"]
[Date "2017.08.01"]
[Round "4.4"]
[White "McPhillips, Joseph"]
[Black "Hawkins, Jonathan"]
[Result "1/2-1/2"]
[WhiteTitle "FM"]
[BlackTitle "GM"]
[WhiteElo "2400"]
[BlackElo "2582"]
[WhiteFideId "422487"]
[BlackFideId "412686"]
[EventDate "2017.07.29"]

1. e4 e5 2. Nf3 Nc6 3. Bb5 a6 4. Ba4 d6 5. c3 Bd7 6. d4 g6 7. O-O Bg7 8. Re1 b5
9. Bb3 Nf6 10. Be3 O-O 11. dxe5 Nxe5 12. Nxe5 dxe5 13. Bc5 Re8 14. a4 Bf8 15.
Bxf8 Rxf8 16. c4 b4 17. Nd2 Qe7 18. c5 Qxc5 19. Rc1 Qd6 20. Nc4 Qxd1 21. Rexd1
Be6 22. f3 Rfd8 23. Na5 Bxb3 24. Nxb3 Kf8 25. Kf2 Rxd1 26. Rxd1 Ke7 27. Na5 Ke6
28. Nc6 a5 29. Nd8+ Ke7 30. Nc6+ Ke6 31. Nd8+ 1/2-1/2

[Event "104th ch-GBR 2017"]
[Site "Llandudno WLS"]
[Date "2017.08.01"]
[Round "4.5"]
[White "Adair, James R"]
[Black "Zakarian, David"]
[Result "1/2-1/2"]
[WhiteTitle "IM"]
[BlackTitle "FM"]
[WhiteElo "2481"]
[BlackElo "2360"]
[WhiteFideId "406252"]
[BlackFideId "13301276"]
[EventDate "2017.07.29"]

1. e4 c5 2. Nf3 Nc6 3. d4 cxd4 4. Nxd4 e5 5. Nb5 d6 6. N1c3 a6 7. Na3 b5 8. Nd5
Nf6 9. c4 b4 10. Nc2 a5 11. Bg5 Be7 12. Nxe7 Qxe7 13. Qd3 Be6 14. Be2 Rd8 15.
Rd1 h6 16. Bc1 O-O 17. b3 Qd7 18. O-O Nxe4 19. Qxe4 Bf5 20. Qe3 Bxc2 21. Rd5 a4
22. bxa4 Bxa4 23. Bb2 Ne7 24. Rd2 Qe6 25. Qa7 Bc6 26. Qa5 Nf5 27. Qxb4 1/2-1/2

[Event "104th ch-GBR 2017"]
[Site "Llandudno WLS"]
[Date "2017.08.01"]
[Round "4.6"]
[White "Merriman, John"]
[Black "Hebden, Mark L"]
[Result "1-0"]
[BlackTitle "GM"]
[WhiteElo "2221"]
[BlackElo "2477"]
[WhiteFideId "402362"]
[BlackFideId "400084"]
[EventDate "2017.07.29"]

1. d4 Nf6 2. c4 g6 3. Nc3 Bg7 4. e4 d6 5. f3 O-O 6. Bg5 a6 7. Qd2 c6 8. Bd3 Nbd7
9. Nge2 e5 10. d5 cxd5 11. cxd5 b5 12. O-O Nc5 13. Bc2 a5 14. a3 a4 15. Nc1 Bd7
16. Nd3 Qb6 17. Be3 Nh5 18. Ne2 Rac8 19. Rac1 f5 20. Nxc5 dxc5 21. Bd3 Qd6 22.
g3 f4 23. gxf4 exf4 24. Bf2 c4 25. Bb1 Bh3 26. Nd4 Bxf1 27. Kxf1 Qd7 28. Ne6
Rfe8 29. Nxg7 Qh3+ 30. Kg1 Kxg7 31. Qc3+ Kg8 32. e5 Rcd8 33. d6 Ng3 34. Re1 Nf5
35. Be4 Ng7 36. Bc6 Ne6 37. Bxb5 Ng5 38. Bc6 Kg7 39. Bb6 Kh6 40. Bxd8 Rxd8 41.
Kh1 Rb8 42. d7 Rb3 43. Qd2 Rd3 44. Qxf4 1-0

[Event "104th ch-GBR 2017"]
[Site "Llandudno WLS"]
[Date "2017.08.01"]
[Round "4.7"]
[White "Emms, John M"]
[Black "Fitzsimons, David"]
[Result "1-0"]
[WhiteTitle "GM"]
[BlackTitle "FM"]
[WhiteElo "2468"]
[BlackElo "2352"]
[WhiteFideId "400254"]
[BlackFideId "2501961"]
[EventDate "2017.07.29"]

1. e4 g6 2. d4 Bg7 3. Nf3 d6 4. Bc4 Nc6 5. O-O Nf6 6. d5 Nb8 7. Re1 O-O 8. h3 c6
9. Bf1 Nbd7 10. c4 Nc5 11. Nc3 Bd7 12. Bf4 cxd5 13. exd5 Re8 14. Qd2 Qa5 15.
Rab1 Nh5 16. Bh6 Bxc3 17. bxc3 Nf6 18. Qd4 Qd8 19. Ng5 Rc8 20. Re3 b6 21. Rbe1
e5 22. dxe6 Nxe6 23. Nxe6 Rxe6 24. Bg5 Rxe3 25. Rxe3 Kg7 26. Rf3 Bf5 27. g4 h6
28. Bxf6+ Qxf6 29. gxf5 1-0

[Event "104th ch-GBR 2017"]
[Site "Llandudno WLS"]
[Date "2017.08.01"]
[Round "4.8"]
[White "Ghasi, Ameet K"]
[Black "Eggleston, David J"]
[Result "1/2-1/2"]
[WhiteTitle "IM"]
[BlackTitle "IM"]
[WhiteElo "2467"]
[BlackElo "2394"]
[WhiteFideId "409200"]
[BlackFideId "412120"]
[EventDate "2017.07.29"]

1. Nf3 Nf6 2. g3 d5 3. Bg2 e6 4. O-O Be7 5. d3 b6 6. Nbd2 Bb7 7. e4 dxe4 8. dxe4
O-O 9. Qe2 Nc6 10. e5 Nd7 11. Rd1 Qc8 12. Nb3 Rd8 13. h4 Nf8 14. Be3 Rxd1+ 15.
Rxd1 Qe8 16. h5 h6 17. Nfd2 Rb8 18. f4 a5 19. Ne4 Rd8 20. Rxd8 Qxd8 21. c3 Qa8
22. Nbd2 a4 23. Qd3 Na5 24. g4 Bd5 25. b4 axb3 26. axb3 c5 27. c4 Bc6 28. f5 Nd7
29. Bf4 Qb8 30. fxe6 fxe6 31. Nd6 Bxg2 32. Kxg2 Qf8 33. Bg3 Qa8+ 34. Nf3 Nc6 35.
Qe4 Qa2+ 36. Kh3 Nd8 37. Nc8 Bf8 38. g5 Qxb3 39. gxh6 gxh6 40. Kg4 Bg7 41. Nd6
Nf8 42. Qf4 Qc2 43. Kh3 Qd3 44. Kg4 1/2-1/2

[Event "104th ch-GBR 2017"]
[Site "Llandudno WLS"]
[Date "2017.08.01"]
[Round "4.9"]
[White "Jackson, James P"]
[Black "Hanley, Craig A"]
[Result "1/2-1/2"]
[WhiteTitle "FM"]
[BlackTitle "IM"]
[WhiteElo "2286"]
[BlackElo "2441"]
[WhiteFideId "416860"]
[BlackFideId "408514"]
[EventDate "2017.07.29"]

1. e4 e5 2. Nf3 Nc6 3. Bb5 a6 4. Ba4 d6 5. c3 f5 6. exf5 Bxf5 7. d4 e4 8. Bg5
Be7 9. Nh4 Bxg5 10. Nxf5 Qf6 11. Qg4 d5 12. O-O g6 13. Ne3 Nh6 14. Qh3 Bxe3 15.
fxe3 Nf5 16. c4 dxc4 17. Nc3 O-O 18. Rf4 Nb4 19. Raf1 b5 20. Bd1 Nd3 21. Rxe4
Qg5 22. Be2 Nd6 23. Rh4 Rxf1+ 24. Bxf1 Rf8 25. Bxd3 cxd3 26. Qe6+ Kg7 27. Rg4
Qh5 28. h3 d2 29. Nd1 a5 30. e4 b4 31. e5 Nf5 32. Qb3 Nh6 33. Re4 Nf7 34. Rf4
Qe2 35. Qc2 Qe1+ 36. Kh2 c5 37. e6 Qxe6 38. Qxd2 Rd8 39. Kh1 Qxa2 40. Ne3 a4 41.
d5 a3 42. Qf2 Ne5 43. Qh4 Qb1+ 44. Kh2 Re8 1/2-1/2